Statistics for Who Carried Wyoming in Each Election

Click here to take the quiz!

General Stats

  • This quiz has been taken 225 times
  • The average score is 29 of 33

Answer Stats

Popular Vote PercentagePresidential CandidateElection Year% Correct
68.17%Donald Trump2016
100%
69.94%Donald Trump2020
100%
68.86%George W. Bush2004
100%
67.76%George W. Bush2000
100%
60.53%George H.W. Bush1988
93%
59.30%Gerald Ford1976
93%
64.78%John McCain2008
93%
68.64%Mitt Romney2012
93%
69.01%Richard Nixon1972
93%
55.76%Richard Nixon1968
93%
62.64%Ronald Reagan1980
93%
70.51%Ronald Reagan1984
93%
49.81%Bob Dole1996
86%
62.71%Dwight D. Eisenhower1952
86%
60.08%Dwight D. Eisenhower1956
86%
60.58%Franklin D. Roosevelt1936
86%
56.07%Franklin D. Roosevelt1932
86%
52.82%Franklin D. Roosevelt1940
86%
39.55%George H.W. Bush1992
86%
51.62%Harry S. Truman1948
86%
63.68%Herbert Hoover1928
86%
56.56%Lyndon B. Johnson1964
86%
55.01%Richard Nixon1960
86%
66.72%Theodore Roosevelt1904
86%
64.15%Warren G. Harding1920
86%
55.43%William Howard Taft1908
86%
54.62%Woodrow Wilson1916
86%
50.52%Benjamin Harrison1892
79%
52.39%Calvin Coolidge1924
79%
58.66%William McKinley1900
79%
36.20%Woodrow Wilson1912
79%
51.23%Thomas E. Dewey1944
71%
51.49%William Jennings Bryan1896
64%

Score Distribution

Percentile by Number Answered

Percent of People with Each Score

Your Score History

You have not taken this quiz